000
00273nam a22001097a 4500
008
230623b xxu||||| |||| 00| 0 eng d
082
_a
330.9
_b
ALE 1975
245
_a
The Political Economy of Change
260
_a
UK
_b
Basil Blackwell
_c
1975
300
_a
185p
942
_2
ddc
_c
BK
999
_c
2534
_d
2534